| 000 | 01244nam2a2200265 4500 | ||
|---|---|---|---|
| 001 | RU\NLR\BIBL_A\012631112 | ||
| 005 | 20211219131527.0 | ||
| 010 |
_a978-5-901445-14-3 _91000 |
||
| 021 |
_aRU _bКН-П-21-036871 _9КН-П-21-2874 |
||
| 035 | _a(NLR Aleph) 012631112 | ||
| 090 |
_a12667244 _c12667244 |
||
| 100 | _a20211026d2017 u y0rusy50 ca | ||
| 101 | 0 | _arus | |
| 102 | _aRU | ||
| 105 | _aacb|b|||001zy | ||
| 200 | 0 | _aТ. 1 | |
| 210 | _d2017 | ||
| 215 |
_a499, [1] с. _cил., цв. ил., портр., карты |
||
| 320 | _aБиблиогр.: с. 469-483 | ||
| 320 | _aИмен. указ.: с. 484-499 | ||
| 461 | 0 |
_1001RU\NLR\BIBL_A\012631110 _12001#$aХрамы Пензенской области$eиллюстрированный каталог$fАлександр Дворжанский$vТ. 1 _1700#1$aДворжанский$bА. И.$f1950-$gАлександр Игоревич$3RU\NLR\AUTH\7756608 _912667238 _aДворжанский, А. И. (1950-) _cПенза _d2017 _fАлександр Дворжанский _n[б. и.] _oиллюстрированный каталог _tХрамы Пензенской области _vТ. 1 |
|
| 942 | _cBOOK | ||
| 980 | _aNB | ||